[Event "Milan SSM op-B 08"]
[Site "Milan"]
[Date "2015.08.02"]
[Round "3"]
[White "Vece, Luigi"]
[Black "Pollio, Ciro"]
[Result "0-1"]
[WhiteElo "1565"]
[BlackElo "1769"]
[PlyCount "68"]
[EventDate "2015.07.31"]
[EventType "swiss"]
[EventRounds "7"]
[EventCountry "ITA"]
[SourceTitle "EXT 2022"]
[Source "ChessBase"]
[SourceDate "2021.10.06"]
[SourceVersion "1"]
[SourceVersionDate "2021.10.06"]
[SourceQuality "1"]

1. e4 c5 2. c4 Nc6 3. Nc3 d6 4. d3 g6 5. f4 Nf6 6. Nf3 Bg4 7. h3 Bxf3 8. Qxf3 Nd4 9. Qd1 Nh5 10. Kf2 e5 11. Qg4 Nf6 12. Qg3 exf4 13. Qxf4 Ne6 14. Qh2 Nh5 15. g3 Qf6+ 16. Kg2 Nd4 17. Be2 Nxe2 18. Nxe2 g5 19. Rf1 Qg6 20. Nc3 0-0-0 21. Nd5 g4 22. h4 Re8 23. Bg5 h6 24. Bf6 Bg7 25. Bxg7 Qxg7 26. Rab1 Qd4 27. Rfd1 f5 28. Nc3 Qe3 29. Rf1 fxe4 30. Nxe4 Qxd3 31. Nf2 Qf3+ 32. Kg1 Nxg3 33. Rfd1 Ne2+ 34. Kf1 g3 0-1

[Event "Milan Crespi op-C 35th"]
[Site "Milan"]
[Date "2014.12.07"]
[Round "5"]
[White "Sics, Maksims"]
[Black "Pollio, Ciro"]
[Result "1/2-1/2"]
[WhiteElo "1861"]
[BlackElo "1774"]
[PlyCount "51"]
[EventDate "2014.12.04"]
[EventType "swiss"]
[EventRounds "7"]
[EventCountry "ITA"]
[SourceTitle "EXT 2017"]
[Source "ChessBase"]
[SourceDate "2016.10.25"]
[SourceVersion "1"]
[SourceVersionDate "2016.10.25"]
[SourceQuality "1"]

1. d4 d5 2. c4 e6 3. Nf3 c5 4. e3 Nf6 5. Nc3 Nc6 6. cxd5 exd5 7. Bb5 a6 8. Bxc6+ bxc6 9. Ne5 Qc7 10. 0-0 Bd6 11. f4 0-0 12. Qc2 cxd4 13. exd4 c5 14. Be3 cxd4 15. Bxd4 Ne4 16. Rac1 Nxc3 17. Qxc3 Qxc3 18. Rxc3 f6 19. Nc6 Re8 20. Bc5 Bxc5+ 21. Rxc5 Re2 22. Rd1 Bb7 23. Na5 Rxb2 24. Nxb7 Rxb7 25. Rcxd5 Rb2 26. R1d2 1/2-1/2

[Event "Milan Crespi op-C 35th"]
[Site "Milan"]
[Date "2014.12.05"]
[Round "2"]
[White "Blasco, Domenico"]
[Black "Pollio, Ciro"]
[Result "1/2-1/2"]
[WhiteElo "1902"]
[BlackElo "1774"]
[PlyCount "99"]
[EventDate "2014.12.04"]
[EventType "swiss"]
[EventRounds "7"]
[EventCountry "ITA"]
[SourceTitle "EXT 2017"]
[Source "ChessBase"]
[SourceDate "2016.10.25"]
[SourceVersion "1"]
[SourceVersionDate "2016.10.25"]
[SourceQuality "1"]

1. d4 Nf6 2. Nf3 e6 3. e3 c5 4. Bd3 Be7 5. 0-0 d5 6. b3 0-0 7. Bb2 b6 8. Ne5 Bb7 9. Nd2 Nbd7 10. Qf3 Qc7 11. Qh3 Ne4 12. Nxd7 Qxd7 13. f3 Nf6 14. dxc5 h6 15. cxb6 axb6 16. a4 Rfc8 17. Bd4 Qd8 18. Rfd1 Bc5 19. Bxc5 bxc5 20. e4 Qb6 21. Kh1 Qb4 22. exd5 exd5 23. Nf1 Re8 24. Qg3 Ba6 25. Bxa6 Rxa6 26. Re1 Rae6 27. Rxe6 Rxe6 28. Qf2 Qc3 29. Rd1 Kf8 30. Qd2 Qxd2 31. Rxd2 Ke7 32. Kg1 Kd6 33. Kf2 d4 34. Ng3 g6 35. Re2 Kd5 36. Rxe6 fxe6 37. Ke2 c4 38. Kd2 e5 39. h3 Nd7 40. Ne4 Nb8 41. Nf6+ Kc5 42. Ng4 c3+ 43. Kd3 Nc6 44. Ke2 Nb4 45. Nxe5 Nxc2 46. Nd3+ Kd5 47. Nf4+ Kc5 48. Nd3+ Kd5 49. Nf4+ Kc5 50. Nd3+ 1/2-1/2

[Event "Milan SSM op 09"]
[Site "Milan"]
[Date "2014.10.07"]
[Round "7"]
[White "Pollio, Ciro"]
[Black "Ciciotti, Augusto Walter"]
[Result "1/2-1/2"]
[WhiteElo "1755"]
[BlackElo "1910"]
[PlyCount "41"]
[EventDate "2014.09.16"]
[EventType "swiss"]
[EventRounds "8"]
[EventCountry "ITA"]
[SourceTitle "EXT 2016"]
[Source "ChessBase"]
[SourceDate "2015.10.08"]
[SourceVersion "1"]
[SourceVersionDate "2015.10.08"]
[SourceQuality "1"]

1. d4 Nf6 2. c4 g6 3. g3 Bg7 4. Bg2 d6 5. Nc3 0-0 6. e4 a6 7. Nf3 Nc6 8. 0-0 Rb8 9. a4 Bd7 10. Bf4 Nh5 11. Be3 Na5 12. Qd3 Nc6 13. Rfe1 Nb4 14. Qd2 c6 15. Na2 Nxa2 16. Rxa2 b5 17. axb5 axb5 18. b3 bxc4 19. bxc4 Nf6 20. Bf4 Nh5 21. Be3 1/2-1/2

[Event "Milan SSM op-B 08"]
[Site "Milan"]
[Date "2014.08.02"]
[Round "5"]
[White "Pollio, Ciro"]
[Black "Vece, Luigi"]
[Result "1-0"]
[WhiteElo "1757"]
[BlackElo "1641"]
[PlyCount "43"]
[EventDate "2014.07.29"]
[EventType "swiss"]
[EventRounds "7"]
[EventCountry "ITA"]
[SourceTitle "EXT 2022"]
[Source "ChessBase"]
[SourceDate "2021.10.06"]
[SourceVersion "1"]
[SourceVersionDate "2021.10.06"]
[SourceQuality "1"]

1. d4 Nf6 2. c4 e6 3. a3 b6 4. d5 Bb7 5. Nc3 d6 6. e4 Be7 7. Nf3 0-0 8. Bd3 e5 9. 0-0 Nbd7 10. b4 c6 11. Qa4 cxd5 12. cxd5 a5 13. Be3 axb4 14. Qxb4 Nc5 15. Bxc5 dxc5 16. Qb2 Nd7 17. Bb5 Ba6 18. Rfd1 Bd6 19. Bxd7 Qxd7 20. Qxb6 Rfb8 21. Qc6 Qe7 22. Rac1 1-0